Top 10 Biggest Pandemics Quiz - Statistics

General Stats
  • This quiz has been taken 71 times
  • The average score is 4 of 10
Answer Stats
Deaths Pandemic % Correct
75-200 mil Black Death
89%
17-100 mil Spanish Flu
86%
5.6 mil Covid-19
82%
35+ mil HIV/Aids
54%
800 k Sixth cholera
35%
15-100 mil Plague of Justinian
11%
1-4 mil Hong Kong Flu
7%
1-4 mil Asian Flu
4%
12+ mil Third plague
2%
1 mil 1889–1890 flu
0%
No matching quizzes found
Score Distribution
Percent of People with Each Score
Percentile by Number Answered
Your Score History
You have not taken this quiz